Statistics for French words : food

Click here to take the quiz!

General Stats

  • This quiz has been taken 57 times
  • The average score is 12 of 16

Answer Stats

HintAnswer% Correct
painbread
100%
poissonfish
98%
pommeapple
96%
fromagecheese
96%
œufegg
94%
fritesfries
94%
jambonham
86%
fraisestrawberry
84%
cerisecherry
78%
confiturejam
76%
viandemeat
73%
radisradish
63%
ailgarlic
53%
farineflour
51%
noixwalnut
18%
avoineoat
16%

Score Distribution

Percentile by Number Answered

Percent of People with Each Score

Your Score History

You have not taken this quiz